Projekcie počtu ekonomicky aktívneho obyvateľstva v závislosti od zvyšovania veku odchodu do dôchodku s využitím logit modelu

Prezentácia výsledkov projekcií počtu ekonomicky aktívneho obyvateľstva Slovenska do roku 2025 v troch scenároch v závislosti od očakávaného veku odchodu do dôchodku (62, 65, 70). Pravdepodobnosť ekonomickej aktivity pre jednotlivé podskupiny populácie bola odhadovaná pomocou logit modelu s využitím...

Descripción completa

Guardado en:
Detalles Bibliográficos
Autor principal: Bujňáková, Tatiana
Otros Autores: Štefánik, Miroslav
Formato: Capítulo de libro
Lenguaje:eslovaco
Materias:
Etiquetas: Agregar Etiqueta
Sin Etiquetas, Sea el primero en etiquetar este registro!

MARC

LEADER 00000naa a2200000 4500
001 0182049
005 20231208073424.7
041 0 |a slo 
044 |a SK 
245 1 0 |a Projekcie počtu ekonomicky aktívneho obyvateľstva v závislosti od zvyšovania veku odchodu do dôchodku s využitím logit modelu  |c Tatiana Bujňáková, Miroslav Štefánik 
520 |a Prezentácia výsledkov projekcií počtu ekonomicky aktívneho obyvateľstva Slovenska do roku 2025 v troch scenároch v závislosti od očakávaného veku odchodu do dôchodku (62, 65, 70). Pravdepodobnosť ekonomickej aktivity pre jednotlivé podskupiny populácie bola odhadovaná pomocou logit modelu s využitím dostupnej demografickej prognózy v krajoch a individuálnych dát z Výberového zisťovania pracovných síl. Pri odchode do dôchodku vo veku 62 rokov bude počet ekonomicky aktívneho obyvateľstva na Slovensku kulminovať už v roku 2013, s relatívne razantným poklesom v nasledujúcom období. Posun veku odchodu do dôchodku na 65 rokov tento pokles po roku 2013 iba zmierni. Absolútne vyšší počet ekonomicky aktívnych obyvateľov by pri odchode do dôchodku vo veku 70 rokov kulminoval až okolo roku 2020. Podiel starších a jednotlivcov s vysokoškolským vzdelaním by mal, v súlade s očakávaniami, vzrásť. 
610 2 0 |a aktivita pracovná 
610 2 0 |a výkonnosť ekonomiky 
610 2 0 |a vek dôchodkový 
610 2 0 |a sily pracovné 
610 2 0 |a modelovanie pravdepodobnostné 
100 1 |a Bujňáková, Tatiana 
700 1 |a Štefánik, Miroslav